000 00434nam a2200181Ia 4500
001 22805
005 20260414150855.0
008 260414t2013||||xx |||||||||||||| ||spa||
041 _aESP
082 _a624.1
_bC265
100 _aConnor Jerome J.
_eAUT
245 0 _aFundamentals of structural engineering
_b
260 _c2013
300 _a1143 páginas :
_c24 cm.
650 _a0
654 _aCIC
942 _cLIB
_dJUS
_fJUS
_2ddc
_n
999 _c22805
_d22805